County Seats Of Iowa - Statistics

General Stats
  • This quiz has been taken 49 times
  • The average score is 46 of 99
Answer Stats
County Seat % Correct
Woodbury Sioux City
100%
Johnson Iowa City
95%
Scott Davenport
90%
Polk Des Moines
90%
Linn Cedar Rapids
85%
Pottawattamie Council Bluffs
85%
_______ Dubuque
85%
Black Hawk Waterloo
80%
Cerro Gordo Mason City
75%
Washington Washington
75%
Des Moines Burlington
70%
Webster Fort Dodge
70%
Lee Fort Madison & Keokuk
70%
Marshall Marshalltown
70%
_________ Muscatine
70%
Wapello Ottumwa
70%
_______ Clinton
65%
Jasper Newton
65%
Montgomery Red Oak
65%
Union Creston
60%
Warren Indianola
60%
Henry Mount Pleasant
60%
Mahaska Oskaloosa
60%
Clay Spencer
55%
Buena Vista Storm Lake
55%
Bremer Waverly
55%
Cass Atlantic
50%
Winneshiek Decorah
50%
Emmet Estherville
50%
Jefferson Fairfield
50%
Greene Jefferson
50%
Marion Knoxville
50%
Plymouth Le Mars
50%
Sioux Orange City
50%
Clarke Osceola
50%
Lyon Rock Rapids
50%
Crawford Denison
45%
Shelby Harlan
45%
Ida Ida Grove
45%
Buchanan Independence
45%
__________ Pocahontas
45%
Dickinson Spirit Lake
45%
Cedar Tipton
45%
Tama Toledo
45%
Louisa Wapello
45%
Madison Winterset
45%
Monroe Albia
40%
Kossuth Algona
40%
_______ Audubon
40%
Davis Bloomfield
40%
_____ Boone
40%
Appanoose Centerville
40%
________ Cherokee
40%
Howard Cresco
40%
_______ Guthrie Center (Guthrie County)
40%
Clayton Elkader
40%
Winnebago Forest City
40%
Mills Glenwood
40%
Delaware Manchester
40%
Jackson Maquoketa
40%
Story Nevada
40%
Osceola Sibley
40%
Allamakee Waukon
40%
Jones Anamosa
35%
_______ Carroll
35%
Lucas Chariton
35%
Floyd Charles City
35%
Adams Corning
35%
______ Grundy Center (Grundy County)
35%
Hardin Eldora
35%
Palo Alto Emmetsburg
35%
Adair Greenfield
35%
Mitchell Osage
35%
Keokuk Sigourney
35%
Benton Vinton
35%
Hamilton Webster City
35%
Dallas Adel
30%
Butler Allison
30%
Taylor Bedford
30%
Wright Clarion
30%
Wayne Corydon
30%
Hancock Garner
30%
Franklin Hampton
30%
Van Buren Keosauqua
30%
Decatur Leon
30%
Iowa Marengo
30%
Poweshiek Montezuma
30%
Ringgold Mount Ayr
30%
Chickasaw New Hampton
30%
Worth Northwood
30%
Monona Onawa
30%
Calhoun Rockwell City
30%
Sac Sac City
30%
Fremont Sidney
30%
Fayette West Union
30%
Page Clarinda
25%
Humboldt Dakota City
25%
O'Brien Primghar
25%
Harrison Logan
20%
No matching quizzes found
Score Distribution
Percent of People with Each Score
Percentile by Number Answered
Your Score History
You have not taken this quiz